000 01338nam0a2200349 i 4500
001 RU\NLR\bibl\1971294
005 20260406023748.0
021 _aRU
_b2012-85889
_96367
035 _a(nilc)RSL-KNO-005525546
035 _a(NLR Aleph) 002068372
090 _a4729145
_c4729145
100 _a20121114d2011 u y0rusy50 ca
101 0 _arus
102 _aRU
105 _aa |||||||||
200 1 _aЖизнь и деятельность купеческой династии Стахеевых
_fПольских Калерия Владиславовна
210 _aЕлабуга
_c[б.и.]
_d2011
215 _a172 с.
_cил., портр., факс., цв. ил.
_d21
320 _aБиблиогр.: с. 171 (12 назв.)
602 _aСтахеевы (род)
_92343389
_3RU\NLR\auth\661400560
686 _aТ214(2Р-6Т-2Елабуга)0-3Стахеевы,0
_2rubbk
686 _aТ214(2)0-3
700 1 _aПольских
_bК. В.
_gКалерия Владиславовна
_4070
722 _8rus
_aСтахеевы (купеческий род)
_7ca
_3RU\NLR\AUTH\77125321
_9108246
801 0 _aRU
_bRuMoRKP
_c20121114
_grcr
801 1 _aRU
_bРГБ
_c20121114
801 2 _aRU
_bNLR
_c20121126
_grcr
942 _cBOOK
980 _aGENEAL02
980 _aNBR